Abecedario de equipos de futbol de ligas españolas - Estadísticas

Estadísticas generales
  • Esta prueba ha sido intentada 637 veces
  • La puntuación promedio es 15 de 22
Estadísticas de respuestas
Letra Respuesta % Correcto
A Athletic Club | Atletico Madrid | Deportivo Alaves | Almeria | Albacete | FC Andorra | SD Amorebieta | Alcorcon | Arenas de Getxo
100%
B Barcelona | Real Betis | Burgos CF | Barakaldo
99%
C Celta Vigo | Castellon | Cadiz | Cordoba | Cartagena | Cultural Leonesa
95%
E Eibar | Espanyol | Elche | Eldense | CE Europa
89%
M Real Madrid | Mallorca | Mirandes | Malaga | Real Murcia
88%
G Getafe | Girona | Granada | Gimnastic de Tarragona
84%
L Levante | Las Palmas | Leganes | Lugo | Logroñes
80%
O Osasuna | Real Oviedo | Ourense
79%
R Real Sociedad | Rayo Vallecano | Racing Santander | Recreativo Huelva
79%
D Deportivo La Coruna
75%
V Villarreal | Valladolid | Valencia
75%
S Sevilla | Sporting Gijon | Sestao River | Sabadell | Sant Andreu
72%
Z Zamora | Real Zaragoza
72%
H SD Huesca | Hercules
71%
N Numancia
57%
X Xerez
57%
J Real Jaen
49%
F Racing de Ferrol | Fuenlabrada
48%
T Tenerife
40%
P Ponferradina | Pontevedra CF
35%
U Real Union | Unionistas de Salamanca
27%
I UD Ibiza
23%
No se encontraron pruebas coincidentes
Distribución de puntuación
Porcentaje de gente con cada puntuación
Porcentaje por número respondido
Historial de tus puntuaciones
No has intentado esta prueba.